000 00484nam a22001817a 4500
003 OSt
005 20250507124240.0
008 250429b |||||||| |||| 00| 0 eng d
020 _a9780761941835
040 _cRDA
100 _aFARRELLY,COLIN.,
_eAUTHOR
_9753400
245 _aCONTEMPORARY POLITICAL THEORY
_cBy Colin Farrelly
260 _aNEW DELHI
_bSAGE
_c2004
300 _axi,305P
650 _2Political
700 _aFARRELLY,COLIN.,
_eEDITOR
_9753400
942 _2CC
_cGB
_n0
999 _c1309731
_d1309731